BIBLIOTECA PODER JUDICIAL
Portal Judicial TDF

Arbitraje interno e internacional : (Registro nro. 519)

000 -LEADER
fixed length control field 01013nam a22002177a 4500
003 - CONTROL NUMBER IDENTIFIER
control field OSt
005 - DATE AND TIME OF LATEST TRANSACTION
control field 20220610131307.0
008 - FIXED-LENGTH DATA ELEMENTS--GENERAL INFORMATION
fixed length control field 180320b xxu||||| |||| 00| 0 spa d
020 ## - INTERNATIONAL STANDARD BOOK NUMBER
International Standard Book Number 9502008002
040 ## - CATALOGING SOURCE
Transcribing agency PJ
100 ## - ASIENTO PRINCIPAL - NOMBRE DE PERSONA
Personal name Leonardi de Herbón, Hebe Mabel
9 (RLIN) 661
245 1# - MENCIÓN DE TÍTULO
Título propiamente dicho Arbitraje interno e internacional :
Parte restante del título una mirada al futuro /
Mención de responsabilidad, etc Hebe Leonardi De Herbon, Sara L. Feldstein de Cárdenas; prólogo del Dr. Julio César Cueto Rúa.
260 ## - PUBLICATION, DISTRIBUTION, ETC. (IMPRINT)
Place of publication, distribution, etc Buenos Aires :
Name of publisher, distributor, etc Abeledo-Perrot,
Date of publication, distribution, etc 1994.
300 ## - DESCRIPCION FISICA
Extent 225 p.
Dimensions 18 cm.
504 ## - NOTA DE BIBLIOGRAFÍA, ETC.
Bibliography, etc Bibliografía: p. 221-222.
505 ## - FORMATTED CONTENTS NOTE
Formatted contents note Capitulo I <br/>1. El arbitraje.<br/>Capitulo II<br/>1. Análisis del reglamento del tribunal de arbitraje general y mediación.<br/>Capitulo III<br/>1. Ley modelo.<br/> Capitulo IV <br/>1. Proyecto de ley de arbitraje.<br/>Capitulo V<br/>1. Reflexiones finales.<br/><br/>
650 #0 - ASIENTO SECUNDARIO DE MATERIA - TERMINO TEMATICO
9 (RLIN) 331
Topical term or geographic name as entry element DERECHO INTERNACIONAL PUBLICO
650 #0 - ASIENTO SECUNDARIO DE MATERIA - TERMINO TEMATICO
9 (RLIN) 664
Topical term or geographic name as entry element ARBITRAJE INTERNACIONAL
700 ## - ADDED ENTRY--PERSONAL NAME
9 (RLIN) 662
Personal name Feldstein de Cárdenas, Sara L.
942 ## - ADDED ENTRY ELEMENTS (KOHA)
Source of classification or shelving scheme
Koha item type Libros
Classification part 341.63
Item part LEO
Existencias
Withdrawn status Lost status Source of classification or shelving scheme Damaged status Not for loan Permanent Location Current Location Date acquired Full call number Barcode Date last seen Price effective from Koha item type
          Biblioteca Poder Judicial Sur Biblioteca Poder Judicial Sur 2018-05-18 341.63 LEO 2422 2018-05-18 2018-05-18 Libros

12 de Octubre 789 Ushuaia - Tel:  54(02901)441571
Horario de Atención: 8.00 a 17.00 hs. 
bibliotecaush@justierradelfuego.gov.ar
koha@justierradelfuego.gov.ar
Seguinos en nuestras redes @bibliojustdf 

Con tecnología Koha